| 000 | 01202cam a2200265Ia 4500 | ||
|---|---|---|---|
| 020 | _a9789251060032 | ||
| 020 | _a9251060037 | ||
| 040 | _cTULAW | ||
| 082 | _a338 FOO 2008 A077 Or. | ||
| 245 | 0 | 0 | _aRapid Agricultural Disaster Assessment Routine (RADAR) / |
| 246 | 3 | _aRADAR | |
| 260 |
_aRome : _bFood and Agriculture Organization of the United Nations, _c2008. |
||
| 300 |
_ax, 77 p. : _bill., maps (some col.) ; _c25 cm. |
||
| 490 | 1 | _aEnvironment and natural resources management series, | |
| 520 | _aThis publication introduces RADAR, a rapid disaster impact assessment tool for agriculture. Successful implementation of RADAR could improve disaster preparedness, facilitate timely relief operations and integrate risk and hazard awareness into longer-term agricultural development planning--Publisher's description. | ||
| 650 | 0 | _aAgricultural productivity | |
| 650 | 0 | _aEmergency management | |
| 650 | 0 | _aDisaster relief | |
| 650 | 0 | _aNatural disasters | |
| 650 | 0 | _aEnvironmental impact analysis. | |
| 700 | 1 | _aBorgia, Andrea. | |
| 710 | 2 | _aFood and Agriculture Organization of the United Nations. | |
| 856 | 1 | 1 | _uftp://ftp.fao.org/docrep/fao/011/i0183e/i0183e.pdf |
| 942 | _cEK | ||
| 999 |
_c15519 _d15519 |
||